000 00500cam a2200205ua 4500
003 OSt
008 250812b |||||||| |||| 00| 0 eng d
020 _a81-85167-31-1
041 _aeng
082 _a627.02
_bJAS/WA
100 _aJaspal, Singh .
_97702
245 _aWater management /
250 _a1 /
260 _a :
_bHimanshu publications ,
_c1990.
300 _a288 ; .
500 _a** Reference
700 1 _aAcharya, M.S .
_97703
700 1 _aArun, Sharma .
_97704
942 _cBK
999 _c2205
_d2205